00497nam a2200181 a 450000100100000000500170001000800410002704000250006808200150009310000340010824500610014226000350020330000210023849000120025983000180027104900090028999900170029800002513320200930023559.0110208s1968 ve r 000 0 spa d aDO-SdBNPbspacBNPHU axxxbA727p1 aArmas Alfonzo, Alfredo94815413aLa Parada de maimos :bcuentos /cAlfredo Armas Alfonzo. aCaracas :bMonte Avila,c1968. a103 p. ;c18 cm.1 aDonaire 0aDonaire98050 aBNGR c24626d24626